Pomoc aj pre ľudí v ohrození života

Zriadenie a vznik neinvestičného fondu sa riadi ustanoveniami občianskeho zákonníka a Zákona č. 1447/1997 Z.z. o neinvestičných fondoch a doplnení zákona č. 207/1996 Z.z. Nadobúdanie a účel finančných prostriedkov neinvestičných fondov. Zriadenie a zrušenie fondu. Správa a hospodárenie fondu.

Salvato in:
Dettagli Bibliografici
Autore principale: Magurová, Zuzana
Natura: Capitolo di libro
Lingua:slovacco
Soggetti:
Tags: Aggiungi Tag
Nessun Tag, puoi essere il primo ad aggiungerne!!

MARC

LEADER 00000naa a2200000 4500
001 r036523
005 20230825082031.4
041 0 |a slo 
044 |a SK 
245 1 0 |a Pomoc aj pre ľudí v ohrození života  |c Zuzana Magurová 
520 |a Zriadenie a vznik neinvestičného fondu sa riadi ustanoveniami občianskeho zákonníka a Zákona č. 1447/1997 Z.z. o neinvestičných fondoch a doplnení zákona č. 207/1996 Z.z. Nadobúdanie a účel finančných prostriedkov neinvestičných fondov. Zriadenie a zrušenie fondu. Správa a hospodárenie fondu. 
610 2 0 |a fondy neinvestičné 
610 2 0 |a nadácie 
610 2 0 |a prostriedky prevádzkové 
610 2 0 |a hospodárenie finančné 
610 2 0 |a zákony 
610 2 0 |a zákonník občiansky 
610 2 0 |a Slovensko 
610 2 0 |a 1997 
100 1 |a Magurová, Zuzana